| 000 | 01107cam a2200313 4500 | ||
|---|---|---|---|
| 008 | 090401t1996 xxu||||| |||| 00| 0 eng d | ||
| 020 | _a0854068120 | ||
| 035 | _a(Sirsi) u67664 | ||
| 041 | _aeng | ||
| 050 | _a347.4109 | ||
| 090 | _aRICS 1996/114ABCD | ||
| 110 |
_aRoyal Institution of Chartered Surveyors _94900 |
||
| 245 | _aAgricultural arbitrations and independent expert determinations : a guidance note. | ||
| 260 |
_aLondon _bRICS _c1996 |
||
| 300 | _a54p. ; 30cm. | ||
| 350 | _a8.5 | ||
| 490 | _aRICS Guidance Note | ||
| 520 | _aSuperseded by second edition (ISBN 0854068813) | ||
| 650 | _aAGRICULTURAL ARBITRATIONS | ||
| 650 | _aAGRICULTURAL HOLDINGS ACT 1986 | ||
| 650 | _aMANAGEMENT-DISPUTE AVOIDANCE, MANAGEMENT AND RESOLUTION-DISPUTE MANAGEMENT AND RESOLUTION-ARBITRATION | ||
| 650 | _aEXPERT DETERMINATION | ||
| 650 | _aGUIDANCE NOTES | ||
| 650 | _aINDEPENDENT EXPERTS | ||
| 650 | _aPRINT-TO-ORDER PUBLICATIONS | ||
| 690 | _aMANAGEMENT-DISPUTE AVOIDANCE, MANAGEMENT AND RESOLUTION-DISPUTE MANAGEMENT AND RESOLUTION-ARBITRATION | ||
| 942 | _n0 | ||
| 948 | _c04/03/1997 | ||
| 999 |
_c95037 _d95037 |
||